European insurance overview 2020 Solo undertakings: year-end 2019

Detalles Bibliográficos
Formato: eBook
Lenguaje:inglés
Publicado: Bruselas: European Union Publications Office, 2020
Materias:
Acceso en línea:Acceso restringido

MARC

LEADER 00000nam a22000007a 4500
005 20210825125710.0
007 cr|||| ||||
008 210825s2020 eu |||||s|||| 00||0 eng d
020 |a 978-92-9473-267-5 
035 |a 34104 
040 |a vLex 
090 |c 12123  |d 12123 
245 0 0 |a European insurance overview 2020  |h [Recurso electrn̤ico] :  |b Solo undertakings: year-end 2019 
256 |a Servicio en ln̕ea 
260 |a Bruselas:  |b European Union Publications Office,  |c 2020 
300 |a 1 recurso electrn̤ico 
500 |a The Annual European Insurance Overview is published by EIOPA as an extension of its statistical services in order to provide an easy-to-use and accessible overview of the European (re)insurance sector. The report is based on annually reported Solvency II information. This ensures that the data has a high coverage in all countries and is reported in a consistent manner across the EEA. The report is objective, factual and data driven and does not contain analysis or policy messages. All indicators used in the report are calculated from the reported data from undertakings. While the topics and indicators covered is intended to be relatively stable over time, the report will be adapted to respond to changes in micro prudential and supervisory priorities. It will therefore support the supervisory community and industry with highly relevant and easily-accessible data at European level. This report is based on Annual reporting for 2019 and as such UK data are included in any EEA figures. Only countries with more than 3 undertakings will be displayed in charts with distributions. The report is published with all charts data available for download in separate excel files. 
506 1 |a Disponible solo en los productos indicados  |d vLex Global  |d vLex Global (Academic Edition, excluding Law Schools)  |d vLex Global (U.S. Academic Edition, Law Schools)  |d vLex Global (U.S. Academic Edition, excluding Law Schools)  |d vLex Global (Academic Edition, Law Schools) 
650 0 4 |a Seguros  |z Unin̤ Europea 
740 0 |a vLex Libros (Servicio en ln̕ea) 
856 4 0 |u https://app.vlex.com/#/sources/34104  |z Acceso restringido 
942 |c BOOK 
999 0 |a Insurance